Pays les plus petits (Top 100) - Statistiques

Statistiques générales
  • Ce quiz a été pris 301 fois
  • Le résultat moyen est 75 sur 100
Statistiques - réponses
Hint Réponse % Correct
1 Vatican
98%
2 Monaco
92%
17 Andorre
91%
5 Saint Marin
90%
6 Liechtenstein
89%
28 Luxembourg
89%
73 Lettonie
84%
49 Bélize
83%
66 Estonie
83%
74 Lituanie
83%
45 Fidji
82%
60 Belgique
81%
91 Cuba
81%
36 Jamaique
81%
10 Malte
81%
65 Suisse
81%
53 Haïti
80%
94 Honduras
80%
35 Kosovo
80%
40 Monténégro
80%
38 Qatar
80%
69 Costa rica
79%
46 Slovénie
79%
27 Comores
78%
71 Croatie
78%
90 Guatemala
78%
48 Israël
78%
59 Lesotho
78%
79 Panama
78%
52 Rwanda
78%
8 Saint Christophe et Niévès
78%
12 Saint Vincent et les Grenadines
78%
21 Singapour
78%
4 Tuvalu
78%
13 Barbade
77%
51 Macédoine du nord
77%
3 Nauru
77%
63 Pays-Bas
77%
67 République Dominicaine
77%
18 Sainte Lucie
77%
47 Salvador
77%
68 Slovaquie
77%
22 Tonga
77%
14 Antigua-et-Barbuda
76%
30 Cap-Vert
76%
33 Chypre
76%
50 Djibouti
76%
7 Iles Marshall
76%
99 Nicaragua
76%
29 Samoa
76%
15 Seychelles
76%
39 Vanuatu
76%
56 Albanie
75%
72 Togo
75%
32 Brunei
74%
26 Ile Maurice
74%
77 Irlande
74%
58 Arménie
73%
24 Bahreïn
73%
23 Dominique
73%
43 Eswatini
73%
76 Géorgie
73%
11 Grenade
73%
89 Islande
73%
44 Koweït
73%
82 Autriche
72%
41 Bahamas
72%
54 Burundi
72%
34 Liban
72%
9 Maldives
72%
86 Portugal
72%
57 Salomon
72%
25 Sao tomé-et-principe
72%
84 Serbie
72%
75 Sri Lanka
72%
31 Trinité et Tobago
72%
88 Corée du sud
71%
87 Hongrie
71%
19 Micronésie
71%
16 Palaos
71%
95 Bénin
70%
64 Bhoutan
70%
70 Bosnie-Herzégovine
70%
98 Corée du nord
70%
55 Guinée équatoriale
70%
20 Kiribati
70%
61 Moldavie
70%
80 République Tchèque
70%
37 Gambie
69%
62 Guinée Bissau
69%
83 Azerbaïdjan
68%
78 Sierra Leone
68%
93 Libéria
66%
42 Timor Oriental
65%
100 Grèce
64%
92 Bulgarie
63%
85 Jordanie
62%
96 Érythrée
61%
97 Malawi
60%
81 Emirats Arabes Unis
52%
Aucun quiz correspondant
Distribution des résultats
% des personnes avec chaque résultat
Percentile par nombre de réponses
Votre historique - résultats
Vous n’avez pas pris ce quiz